000 01567nam a2200265Ia 4500
999 _c34783
_d34783
001 593
003 GE_BSU
005 20210217113018.0
008 181216s2006||||ge |||||||||||||| ||geo||
020 _a2315
040 _cGE_BSU
041 _ageo
080 _a616.3.1(075.8) თ-19
245 _aთავისა და კისრის ტოპოგრაფიული ანატომია და თერაპიული ქირურგია /
_cლიანა კიკალიშვილი, მანანა რამიშვილი, ქეთევან თურმანიძე, თამარ თურმანიძე ; რედაქტორები: ლ.კიკალიშვილი , მ.რამიშვილი.
264 _aთბილისი :
_bპოლიგრაფი,
_c2006.
300 _a339 გვ.:
_b85 სურ.
653 _aთავისა და კისრის ტოპოგრაფიული ანატომია
653 _aთერაპიული ქირურგია
653 _aმედიცინა
700 _aკიკალიშვილი, ლიანა
_eავტორი, რედაქტორი
_910139
700 _aრამიშვილი, მანანა
_eავტორი,რედაქტორი
_910140
700 _aთურმანიძე, ქეთევან
_eავტორი
_910141
700 _aთურმანიძე,თამარ
_eავტორი
_910142
942 _cBK
_2udc